Monster High de A-Z - Statistiques

Statistiques générales
  • Ce quiz a été pris 381 fois
  • Le résultat moyen est 12 sur 26
Statistiques - réponses
Lettre Indice Réponse % Correct
D Vampire en Couple avec Clawd Draculaura
98%
C Loup-Garou et Créatrice de Mode Clawdeen
93%
G Zombie Pro de Technologie Ghoulia
89%
F Monstre composée de partie de Corps de Personnes Différentes Frankie
86%
L Monstre d'eau Salée Australienne Lagoona
84%
O Fille du Fantôme de l'Opéra Operetta
80%
S Fantôme Fan de Ragôts Spectra
74%
T Chat-Garou Adorant mettre des Bâtons dans les Roues de tout les Monstres Toralei
72%
R Robot créée par un Ancien Professeur de Monster High Robecca
69%
J Dragon Chinois et Créatrice de Mode Jinafire
68%
I Cyclope en Couple avec Manny Iris
47%
X Nombre de Souhaits Accordés au Découvreurs de la Lampe 13
44%
P Une des Sbires de T Purrsephone
36%
U Ce que Portents les Monstres quand ils font du Fearleeding Uniforme
36%
H Monstre du Marais fan de Cinéma Honey
31%
Z Zombie à l'éffigie de Lady Gaga Zomby Gaga
30%
E Robot DJ habitant à Boo-York Elle
27%
V Fantôme Pirate élève à l'École des Fantôme Vandala
25%
W Fille d'Arachné Wydowna
25%
A Production d'une Fleur qui Éclos très peu Souvent, Ennemie de Cléo Amanita
21%
N Licorne Zombie Neightan
20%
K Fille du Kraken Kala
19%
B Fille d'une Chauve-Souris Vampire à Alies Blanche habitant au Costa Shrieka Batsy
18%
M Zombie Antagoniste des Films de la 2ème Génération Moanica
17%
Y Fidèle Assistant de Lord Stoker Ygor
15%
Q Harpie élève à Monster High Quill
3%
Aucun quiz correspondant
Distribution des résultats
% des personnes avec chaque résultat
Percentile par nombre de réponses
Votre historique - résultats
Vous n’avez pas pris ce quiz